00269pam a2200109a 44500008004100000020001500041082001600056100002400072245002100096260003200117300001000149230405s2007 xxu||||| |||| 00| 0 eng d a818061963x a610.73bBAS aBasavanthappa, B.T. aNursing Theories aNew DelhibJaypee Pubc2007 a406 p